Normal view
MARC view
- Limón Domínguez, Gerardo Arturo
Entry Nombre Personal
001 - NUMERO DE CONTROL
- campo de control: 49900
003 - IDENTIFICADOR DE NUMERO DE CONTROL
- campo de control: MX-MxUPN
005 - FECHA Y HORA DE LA ÜLTIMA TRANSACCIÓN
- campo de control: 20230907123439.0
008 - DATOS DE LONGITUD FIJA
- campo de control de longitud fija: 230907nn acznnaabn a aaa d
040 ## - FUENTE DE CATALOGACIÓN
- Agencia original de catalogación: MX-MxUPN
- Lenguaje de catalogación: spa
100 1# - ENCABEZAMIENTO - NOMBRE PERSONAL
- Nombre personal: Limón Domínguez, Gerardo Arturo
400 1# - VEÁSE - NOMBRE DE PERSONA
- Personal name: Domínguez, Gerardo Arturo Limón
670 ## - FUENTE EN LA QUE SE LOCALIZARON DATOS
- Cita de la fuente: La formación y capacitación de promotores culturales bilingües, 1984 :
- Información localizada: portada (Gerardo Arturo Limón Domínguez)
902 ## - CATALOGADOR
- Catalogador: VíctorGodínez/070923
